| 000 | 00920cam a22002652 4500 | ||
|---|---|---|---|
| 001 | 2894 | ||
| 003 | UkOxU | ||
| 005 | 20211208233634.0 | ||
| 008 | 131217r1961 mduab b 000 0 eng | ||
| 035 | _aBD RJUL 2922 | ||
| 040 |
_aDLC _cCSU _dSER _dUKM _dEQO _beng |
||
| 041 | _aeng | ||
| 082 |
_a330.973 _bREG |
||
| 245 | 1 | 0 |
_aRegions, resources, and economic growth / _cby Harvey S. Perloff [and others] |
| 260 |
_aBaltimore : _bPublished for Resources for the Future by the Johns Hopkins Press, _cc1960 [Printing 1961] |
||
| 300 |
_axxv, 716 p. _bmaps, diagrs., tables. _c26 cm. |
||
| 504 | _aIncludes bibliographical references. | ||
| 650 | 0 |
_aRegional planning _zUnited States. _99270 |
|
| 651 | 0 |
_aUnited States _xEconomic conditions. _99271 |
|
| 700 |
_aPerloff, Harvey S. _qHarvey S Perloff _99279 |
||
| 710 | 2 |
_aResources for the Future. _99272 |
|
| 942 |
_2ddc _cBK |
||
| 999 |
_c2894 _d2894 |
||